La política fiscal bajo el gobierno del Presidente Rodrigo Carazo: borrador para discpusión
Gardado en:
| Autor Principal: | |
|---|---|
| Formato: | Texto |
| Publicado: |
Heredia:
Universidad Nacional
|
| Etiquetas: |
Engadir etiqueta
Sen Etiquetas, Sexa o primeiro en etiquetar este rexistro!
|
MARC
| LEADER | 00000 a a2200000 04500 | ||
|---|---|---|---|
| 001 | 21436 | ||
| 003 | |||
| 040 | |a CRAI/IIS |c CRAI/IIS | ||
| 090 | |a 094500 | ||
| 100 | |a Rivera Urrutia, Eugenio | ||
| 245 | |a La política fiscal bajo el gobierno del Presidente Rodrigo Carazo: borrador para discpusión | ||
| 260 | |a Heredia: |b Universidad Nacional | ||
| 300 | |a 21 p. | ||
| 999 | |c 4467 |d 4467 | ||
